[Event "Florianopolis op 10th"]
[Site "Florianopolis"]
[Date "2024.01.23"]
[Round "5"]
[White "De Abreu, Wiliam"]
[Black "Nunes, Lilia"]
[Result "1/2-1/2"]
[WhiteElo "1197"]
[BlackElo "1325"]
[PlyCount "55"]
[EventDate "2024.01.20"]
[EventType "swiss"]
[EventRounds "10"]
[EventCountry "BRA"]
[SourceTitle "CB05_2024"]
[SourceDate "2024.01.31"]
[SourceVersion "1"]
[SourceVersionDate "2024.01.31"]
[SourceQuality "1"]

1. e4 e5 2. Nf3 Nc6 3. Bb5 Nge7 4. c3 a6 5. Ba4 d6 6. d3 Bd7 7. 0-0 Ng6 8. Re1 Be7 9. Nbd2 0-0 10. Nf1 f5 11. Bb3+ Kh8 12. exf5 Bxf5 13. Ng3 Nh4 14. Bd5 Nxf3+ 15. Bxf3 Bg5 16. Be4 Bxe4 17. Nxe4 Bxc1 18. Qxc1 d5 19. Ng3 Qf6 20. Qd2 Rad8 21. Qc2 Rf7 22. Re3 Rdf8 23. f3 Ne7 24. Rae1 Qb6 25. Kh1 Ng6 26. b3 c6 27. Qd2 Qa5 28. Qc2 1/2-1/2

[Event "Florianopolis op 10th"]
[Site "Florianopolis"]
[Date "2024.01.21"]
[Round "2"]
[White "Lahoz, Cassiano Ricardo Ne"]
[Black "De Abreu, Wiliam"]
[Result "1-0"]
[WhiteElo "1592"]
[BlackElo "1197"]
[PlyCount "65"]
[EventDate "2024.01.20"]
[EventType "swiss"]
[EventRounds "10"]
[EventCountry "BRA"]
[SourceTitle "CB05_2024"]
[SourceDate "2024.01.31"]
[SourceVersion "1"]
[SourceVersionDate "2024.01.31"]
[SourceQuality "1"]

1. e4 c5 2. Nc3 d6 3. g3 Nf6 4. Bg2 e6 5. Nf3 Nbd7 6. 0-0 Be7 7. d3 a6 8. h3 0-0 9. Bf4 e5 10. Bg5 Rb8 11. Nh4 h6 12. Be3 Re8 13. Qd2 b5 14. Nf5 Bf8 15. f4 Nb6 16. fxe5 dxe5 17. Rf2 b4 18. Ne2 Qc7 19. Nxh6+ gxh6 20. Rxf6 Re6 21. Rxe6 Bxe6 22. Bxh6 Bxh6 23. Qxh6 Qe7 24. b3 Nd7 25. Rf1 Rb6 26. Qe3 Rc6 27. g4 Nf8 28. Ng3 Nh7 29. Nf5 Bxf5 30. exf5 Rc7 31. f6 Qd6 32. Qh6 Nf8 33. Qg7# 1-0

[Event "Florianopolis op-B 04"]
[Site "Florianopolis"]
[Date "2023.05.01"]
[Round "6"]
[White "Penna, Flavio R Crautchych"]
[Black "De Abreu, Wiliam"]
[Result "1-0"]
[WhiteElo "1764"]
[BlackElo "1263"]
[PlyCount "71"]
[EventDate "2023.04.28"]
[EventType "swiss"]
[EventRounds "6"]
[EventCountry "BRA"]
[SourceTitle "CBM 214 Extra"]
[Source "ChessBase"]
[SourceDate "2023.07.31"]
[SourceVersion "1"]
[SourceVersionDate "2023.07.31"]
[SourceQuality "1"]

1. e4 c5 2. Nf3 d6 3. d4 cxd4 4. Nxd4 Nf6 5. Nc3 a6 6. f4 e6 7. Be2 Qc7 8. 0-0 Be7 9. Be3 Nbd7 10. a4 0-0 11. Qd2 Rd8 12. a5 Nf8 13. Nb3 Qc6 14. Bb6 Re8 15. Bf3 e5 16. fxe5 dxe5 17. Nd5 Nxd5 18. exd5 Qg6 19. Rfe1 Nd7 20. Qe3 Qxc2 21. Be4 Qc4 22. Rec1 Qb4 23. Bd3 Nxb6 24. axb6 h6 25. Kh1 Bg5 26. Qc5 Qxb3 27. Ra3 Qxb2 28. Rb1 Qd2 29. Bxa6 Rxa6 30. d6 Qd4 31. Qc7 e4 32. Rf1 f5 33. h4 Bf6 34. Rg3 Qxb6 35. d7 Qxc7 36. dxe8Q+ 1-0

[Event "Florianopolis op-B 04"]
[Site "Florianopolis"]
[Date "2023.04.30"]
[Round "5"]
[White "De Abreu, Wiliam"]
[Black "De Souza, Lucio Teixeira"]
[Result "0-1"]
[WhiteElo "1263"]
[BlackElo "1546"]
[PlyCount "110"]
[EventDate "2023.04.28"]
[EventType "swiss"]
[EventRounds "6"]
[EventCountry "BRA"]
[SourceTitle "CBM 214 Extra"]
[Source "ChessBase"]
[SourceDate "2023.07.31"]
[SourceVersion "1"]
[SourceVersionDate "2023.07.31"]
[SourceQuality "1"]

1. e4 e6 2. Nf3 c5 3. d4 cxd4 4. Nxd4 a6 5. Nc3 Qc7 6. a3 Nc6 7. Nxc6 bxc6 8. Bd3 Nf6 9. Qe2 Be7 10. Be3 d6 11. Rd1 0-0 12. 0-0 Bb7 13. f4 c5 14. h3 Rfc8 15. Qf2 c4 16. Be2 Nxe4 17. Nxe4 Bxe4 18. c3 Bf6 19. Bf3 Bxf3 20. Qxf3 Qc6 21. Qf2 g6 22. Rfe1 Rab8 23. Kh1 Rb7 24. Bc1 Rb5 25. Qe3 Rd5 26. Qg3 Rxd1 27. Rxd1 d5 28. h4 h5 29. Kh2 Qd6 30. Kh1 Qe7 31. Qh3 Bxh4 32. g4 hxg4 33. Qxg4 Kg7 34. Kg2 Rh8 35. Rh1 Bf6 36. Rxh8 Kxh8 37. Be3 Kg8 38. Qe2 Bg7 39. Qc2 Qb7 40. Kf2 Qb3 41. Qd2 Qb8 42. Kf3 Qd8 43. Qf2 Qf6 44. Ke2 Qf5 45. Kd1 e5 46. fxe5 Qxf2 47. Bxf2 Bxe5 48. Kc2 Kf8 49. b4 Ke8 50. a4 Kd7 51. Kb2 Kc6 52. Be1 g5 53. Ka2 f5 54. Kb2 d4 55. Kc2 f4 0-1